• 首页
  • 本馆介绍
  • 公告通知
  • 最新文献
  • 馆藏检索
  • 电子资源
  • 读者导购
  • 参考咨询
  • 我的图书馆
  • 登录
  • 详细信息显示
  • 放入我的书架
  • 预约/预借图书
  • 作者相关作品
  • 分类相关作品
  • 丛书相关作品
  • 出版社相关作品

书目信息

  • 表格格式
  • 工作单格式
  • 卡片格式
书名: The autobiography of Benjamin Franklin
作者:
分册号:
分册名:
出版地: New York :
 
出版社: Airmont Pub. Co., Inc
出版时间: 1965.
页数: 159 p. :
开本: 20020930
丛书名:
中图分类号:
科图分类号:
其他分类号: H319.4
主题词:
电子资源:
000 00576nam 2200193 a 4500
001 E0738166493
005 20070210104240.79
008 uu
040    @aNLC
049    @aN5LA
090    @a2/K837.127/FBA/ 1965a////////*961987-8/2 cop.
090    @aH319.4
096    @aK837.127 @v2
099    @dH319.4@ex483
100 1  @aFranklin, Benjamin.
245 14 @aThe autobiography of Benjamin Franklin
260    @aNew York :@bAirmont Pub. Co., Inc.,@c1965.
300    @a159 p. :@b00 ;@c20020930@lNLC09@h2245@lNLC09@h2242@lNLC09@h1833
852 9  @bWWJC @cJ08S @k2 @hK837.127 @iFBA/1965a
    
    The autobiography of Benjamin Franklin.-New York : : Airmont Pub. Co., Inc., , 1965.
    159 p. : : 00 ; ; 20020930
    
    
    ISBN
    
●
相关链接 在E读中查询图书 在五车中查询图书 在当当中查询图书 在豆瓣中查询图书


正题名:autobiography of Benjamin Franklin     索取号:H319.4/x483         预约/预借

序号 登录号 条形码 馆藏地/架位号 状态 备注
1 67981   000446379   第四借阅区/ [索取号:H319.4/x483] 在馆    
2 67982   000446262   第四借阅区/ [索取号:H319.4/x483] 在馆    
3 67983   000446342   第四借阅区/ [索取号:H319.4/x483] 在馆    
4 67984   000446226   第四借阅区/ [索取号:H319.4/x483] 在馆    
5 67985   000446306   第四借阅区/ [索取号:H319.4/x483] 在馆    
唐山师范学院图书馆 欢迎您!
大连网信软件有限公司© 版权所有